[Event "Belt and Road op 3rd"]
[Site "Qinhuangdao"]
[Date "2023.11.23"]
[Round "8"]
[White "Mi, Qian"]
[Black "Khulan, Enkhsaikhan"]
[Result "0-1"]
[WhiteElo "2120"]
[BlackElo "2057"]
[PlyCount "60"]
[EventDate "2023.11.19"]
[EventType "swiss"]
[EventRounds "9"]
[EventCountry "CHN"]
[SourceTitle "CB48_2023"]
[SourceDate "2023.11.29"]
[SourceVersion "1"]
[SourceVersionDate "2023.11.29"]
[SourceQuality "1"]

1. d4 d5 2. c4 c6 3. Nc3 Nf6 4. Nf3 dxc4 5. a4 Bf5 6. Ne5 Nbd7 7. Nxc4 e6 8. e3 Bb4 9. Be2 0-0 10. 0-0 a5 11. f3 Nb6 12. e4 Bg6 13. Ne5 Nfd7 14. Nd3 Be7 15. Be3 f6 16. Nc5 Nxc5 17. dxc5 Nd7 18. Qb3 Bxc5 19. Nd1 Bxe3+ 20. Nxe3 Nc5 21. Qc3 Qb6 22. Bc4 Bf7 23. e5 Qb4 24. Qxb4 axb4 25. b3 b5 26. axb5 cxb5 27. Bxb5 Nxb3 28. Rxa8 Rxa8 29. Nc2 Bg6 30. Ne3 Nd4 0-1

[Event "Belt and Road op 3rd"]
[Site "Qinhuangdao"]
[Date "2023.11.21"]
[Round "5"]
[White "Xu, Yinglun"]
[Black "Mi, Qian"]
[Result "1-0"]
[WhiteElo "2532"]
[BlackElo "2120"]
[PlyCount "79"]
[EventDate "2023.11.19"]
[EventType "swiss"]
[EventRounds "9"]
[EventCountry "CHN"]
[SourceTitle "CB48_2023"]
[SourceDate "2023.11.29"]
[SourceVersion "1"]
[SourceVersionDate "2023.11.29"]
[SourceQuality "1"]

1. c4 Nf6 2. Nc3 e5 3. Nf3 Nc6 4. g3 Bb4 5. Nd5 Bc5 6. Bg2 d6 7. 0-0 0-0 8. e3 Bg4 9. h3 Bh5 10. g4 Bg6 11. d4 Bb6 12. a4 a5 13. Nxb6 cxb6 14. Nh4 Be4 15. b3 Bxg2 16. Nxg2 exd4 17. Bb2 d5 18. Bxd4 Nxd4 19. Qxd4 dxc4 20. bxc4 Rc8 21. Rfd1 Qc7 22. Nf4 Qxc4 23. Qxb6 h5 24. gxh5 Rc5 25. Rdc1 Qxc1+ 26. Rxc1 Rxc1+ 27. Kg2 Rfc8 28. h6 R1c6 29. Qxb7 gxh6 30. Ne2 Ne4 31. Nf4 Nf6 32. h4 Rc5 33. Nd3 Rc3 34. Ne5 R8c7 35. Qa8+ Kg7 36. Qxa5 R7c5 37. Qb4 Rc2 38. Qf4 Rd5 39. Nf3 Ra5 40. Nd4 1-0

[Event "CHN-chTB"]
[Site "Harbin"]
[Date "2019.07.21"]
[Round "3.3"]
[White "Mi, Qian"]
[Black "Xu, Yining"]
[Result "1/2-1/2"]
[WhiteElo "2122"]
[BlackElo "2377"]
[PlyCount "109"]
[EventDate "2019.07.20"]
[EventType "team-swiss"]
[EventRounds "11"]
[EventCountry "CHN"]
[SourceTitle "CBM 191 Extra"]
[Source "ChessBase"]
[SourceDate "2019.09.30"]
[SourceVersion "1"]
[SourceVersionDate "2019.09.30"]
[SourceQuality "1"]
[WhiteTeam "Nanjing Hexi Branch"]
[BlackTeam "Shanghai Qi Yuan"]
[WhiteTeamCountry "CHN"]
[BlackTeamCountry "CHN"]

1. d4 g6 2. g3 Bg7 3. Bg2 Nf6 4. Nf3 0-0 5. 0-0 d6 6. b3 Nc6 7. Bb2 Ne4 8. Nbd2 f5 9. c4 e5 10. dxe5 Nxd2 11. Nxd2 dxe5 12. Bd5+ Kh8 13. Bxc6 bxc6 14. Nf3 Qe7 15. Qd2 f4 16. Qa5 c5 17. Rad1 Bh3 18. Rfe1 e4 19. Bxg7+ Kxg7 20. Qc3+ Kg8 21. Qe5 Rae8 22. Qxe7 Rxe7 23. Nd2 fxg3 24. hxg3 e3 25. Nf3 Bg4 26. Rd3 Bxf3 27. exf3 Rxf3 28. Rexe3 Rfxe3 29. fxe3 c6 30. Kf2 Kf7 31. Kf3 Ke6 32. Rd8 Ke5 33. Rc8 Rf7+ 34. Kg4 Kd6 35. Rh8 Re7 36. Kf4 Kc7 37. g4 Kb6 38. e4 Rf7+ 39. Ke3 Kc7 40. g5 Kd6 41. Rd8+ Ke5 42. Rb8 Kd6 43. Rd8+ Ke5 44. Re8+ Kd6 45. e5+ Kd7 46. Ra8 Ke6 47. Ke4 Rf5 48. Rxa7 Rxg5 49. Rxh7 Rxe5+ 50. Kf4 Re2 51. a4 Rb2 52. Rb7 Kd6 53. Ke4 g5 54. Kf5 Rg2 55. a5 1/2-1/2

[Event "CHN-chB"]
[Site "Qinhuangdao"]
[Date "2017.07.19"]
[Round "7"]
[White "Mi, Qian"]
[Black "Zhang, Ziji"]
[Result "0-1"]
[WhiteElo "2106"]
[BlackElo "2394"]
[PlyCount "60"]
[EventDate "2017.07.16"]
[EventType "swiss"]
[EventRounds "11"]
[EventCountry "CHN"]
[SourceTitle "CBM 179 Extra"]
[Source "ChessBase"]
[SourceDate "2017.08.23"]
[SourceVersion "1"]
[SourceVersionDate "2017.08.23"]
[SourceQuality "1"]

1. d4 d5 2. c4 e6 3. Nc3 Nf6 4. Nf3 c6 5. e3 Nbd7 6. Qc2 Bd6 7. b3 0-0 8. Bb2 e5 9. dxe5 Nxe5 10. Nxe5 Bxe5 11. Be2 Be6 12. 0-0 dxc4 13. bxc4 Qa5 14. Kh1 Rfe8 15. Bd3 Bc7 16. Ne4 Nxe4 17. Bxe4 Qh5 18. f4 Rad8 19. Rf3 f6 20. Rg1 Rd7 21. Rg3 Kh8 22. Qc3 Rf8 23. Bb1 Bf5 24. Bc2 Bg4 25. Rf1 Rfd8 26. h3 Ba5 27. Qa3 Be2 28. Rg1 Bxc4 29. e4 Bb6 30. Rc1 Rd1+ 0-1

[Event "Shenzhen zt 3.5"]
[Site "Shenzhen"]
[Date "2016.07.05"]
[Round "10"]
[White "Mi, Qian"]
[Black "Zhu, Jiner"]
[Result "1/2-1/2"]
[WhiteElo "1968"]
[BlackElo "2177"]
[PlyCount "112"]
[EventDate "2016.06.26"]
[EventType "swiss"]
[EventRounds "11"]
[EventCountry "CHN"]
[SourceTitle "CBM 173 Extra"]
[Source "ChessBase"]
[SourceDate "2016.08.29"]
[SourceVersion "1"]
[SourceVersionDate "2016.08.29"]
[SourceQuality "1"]

1. d4 Nf6 2. Nf3 e6 3. Bg5 d5 4. e3 c5 5. c3 Be7 6. Nbd2 Nc6 7. Bd3 b6 8. 0-0 0-0 9. Qe2 Bb7 10. Rad1 h6 11. Bh4 Ne4 12. Bxe7 Nxe7 13. Ne1 Qc7 14. f3 Nxd2 15. Rxd2 e5 16. dxe5 Qxe5 17. f4 Qf6 18. e4 dxe4 19. Bxe4 Bxe4 20. Qxe4 Rfe8 21. Re2 Kf8 22. Nd3 Nf5 23. Ne5 Kg8 24. Rfe1 Qe6 25. Qc4 f6 26. Qxe6+ Rxe6 27. Nc4 Rxe2 28. Rxe2 b5 29. Na5 Rd8 30. Nc6 Rd1+ 31. Kf2 a6 32. Ne7+ Nxe7 33. Rxe7 Rd2+ 34. Re2 Rd6 35. Ke3 Kf7 36. Rd2 Rxd2 37. Kxd2 Ke6 38. Ke3 Kd5 39. b3 f5 40. h4 h5 41. Kd3 c4+ 42. bxc4+ bxc4+ 43. Ke3 Kc5 44. Kd2 Kc6 45. Ke2 Kb5 46. Ke3 Kc5 47. Kd2 Kd5 48. Ke3 g6 49. Kf3 Kc5 50. Ke3 Kd5 51. Kf3 Kc6 52. Ke3 Kc5 53. Kf3 Kd5 54. Ke3 Kc5 55. Kf3 Kd5 56. Ke3 Kc5 1/2-1/2

[Event "Shenzhen zt 3.5"]
[Site "Shenzhen"]
[Date "2016.07.01"]
[Round "6"]
[White "Shi, Kecheng"]
[Black "Mi, Qian"]
[Result "1/2-1/2"]
[WhiteElo "2184"]
[BlackElo "1968"]
[PlyCount "36"]
[EventDate "2016.06.26"]
[EventType "swiss"]
[EventRounds "11"]
[EventCountry "CHN"]
[SourceTitle "CBM 173 Extra"]
[Source "ChessBase"]
[SourceDate "2016.08.29"]
[SourceVersion "1"]
[SourceVersionDate "2016.08.29"]
[SourceQuality "1"]

1. d4 Nf6 2. Nf3 e6 3. c4 Bb4+ 4. Bd2 Bxd2+ 5. Nbxd2 d5 6. e3 0-0 7. Qc2 c6 8. Bd3 Nbd7 9. 0-0-0 h6 10. h3 c5 11. cxd5 Nxd5 12. a3 b6 13. Ne4 cxd4 14. Nxd4 Bb7 15. Qa4 Qe7 16. Ba6 Rfc8+ 17. Kb1 Nc5 18. Nxc5 Rxc5 1/2-1/2

[Event "Shenzhen zt 3.5"]
[Site "Shenzhen"]
[Date "2016.06.28"]
[Round "3"]
[White "Nie, Xinyang"]
[Black "Mi, Qian"]
[Result "0-1"]
[WhiteElo "2314"]
[BlackElo "1968"]
[PlyCount "94"]
[EventDate "2016.06.26"]
[EventType "swiss"]
[EventRounds "11"]
[EventCountry "CHN"]
[SourceTitle "CBM 173 Extra"]
[Source "ChessBase"]
[SourceDate "2016.08.29"]
[SourceVersion "1"]
[SourceVersionDate "2016.08.29"]
[SourceQuality "1"]

1. d4 Nf6 2. Bg5 e6 3. e4 h6 4. Bxf6 Qxf6 5. Nc3 Bb4 6. Qd2 d5 7. e5 Qd8 8. Nf3 Be7 9. Be2 c5 10. 0-0 Nc6 11. dxc5 Bxc5 12. a3 0-0 13. Bd3 a6 14. Qf4 f6 15. Qg3 fxe5 16. Nxe5 Nxe5 17. Qxe5 Bd6 18. Qh5 Qf6 19. Rae1 Bd7 20. Kh1 Qg5 21. Qxg5 hxg5 22. f3 Rac8 23. Ne2 e5 24. Rd1 g4 25. c4 gxf3 26. gxf3 e4 27. fxe4 Rxf1+ 28. Rxf1 dxc4 29. Bb1 Be5 30. Nc3 Bh3 31. Rf3 Bg4 32. Rf1 Rd8 33. Kg2 Rd2+ 34. Rf2 Rxf2+ 35. Kxf2 b5 36. h4 Kf7 37. Bc2 Kg6 38. Nd5 Bxb2 39. a4 Be5 40. Nb4 Bc8 41. Ke3 Kf6 42. Bd1 Ke7 43. Nc6+ Kd6 44. Nd4 b4 45. Nf3 b3 46. Kd2 c3+ 47. Kd3 c2 0-1